000 00611nam a2200265Ia 4500
005 20260306164034.0
008 008 260114s9999 xx 000 0 eng d
020 _a9780226567624
037 _aEBOOK
040 _aCRL
040 _beng
040 _cCRL
041 _2eng
041 _aeng
084 _qCRL
100 _aNagareda
_91129878
245 0 _aMass Torts In A World Of Settlement
260 _bUniversity of Chicago Press
260 _c2013
650 _aLaw
856 _uhttps://academic.oup.com/book/21367
942 _cEBOOK
999 _c1712501
_d1712501